000 00427nam a2200169 a 4500
001 0000-8796
003 ELIB.Books
008 110520 1968
035 _a(ELIB.Books)0000-8942
082 _a225.92
_bPer
100 _aPerry, Earl
245 _aThese First called him Master
260 _bTennessee: Broadman Press
_c1968
650 _aNew Testament
942 _2ddc
_cBK
998 _cbat
_e2011-05-20
999 _c8796
_d8796